| 000 | 00339nam a22001457a 4500 | ||
|---|---|---|---|
| 999 |
_c15363 _d15363 |
||
| 020 | _a9788126401901 | ||
| 082 |
_a894.812 3 _bPAU/AL |
||
| 100 |
_aPaulo Coelho _93045 |
||
| 245 | _aThe Alchemist | ||
| 260 |
_aKottayam _bD.C Books _c2017 |
||
| 300 | _a175 | ||
| 650 |
_aTranslated Fiction _93046 |
||
| 700 |
_aRema Menon _93047 |
||
| 942 | _cBK | ||